Novedades Fiscal

Detalles Bibliográficos
Formato: Desconocido
Lenguaje:español
Publicado: [Espaą] : Garrigues Abogados y Asesores Tributarios
Materias:
Acceso en línea:Acceso restringido

MARC

LEADER 00000ny a22000003n 4500
005 20110513123041.0
008 950713c19uu9999sp mr 0 b spa
035 |a 503 
040 |a BUS  |d vLex 
090 |c 1869  |d 1869 
245 0 0 |a Novedades Fiscal  |h [Recurso electrn̤ico] 
256 |a Servicio en ln̕ea 
260 |a [Espaą] :  |b Garrigues Abogados y Asesores Tributarios 
506 1 |a Contenido solo disponible en los productos indicados  |d vLex Global  |d vLex Global (Academic Edition, excluding Law Schools)  |d vLex Global (U.S. Academic Edition, Law Schools)  |d vLex Global (U.S. Academic Edition, excluding Law Schools)  |d vLex Global (Academic Edition, Law Schools) 
650 0 7 |2 Tesauro vLex  |a Tributario 
650 0 7 |2 Tesauro vLex  |a Derecho tributario 
740 0 |a vLex Revista (Servicios en ln̕ea) 
843 |a Electrn̤ica. Abierta 
853 |8 1  |i (year)  |j (month)  |k (day) 
856 4 0 |z Acceso restringido  |u http://vlex.com/account/login_ip?fuente_id=503 
942 |c REV